Descubre 2 lekcja 6 - Statystyki

Ogólne statystyki
  • Ten quiz został rozwiązany 9 razy
  • Średni wynik to 32 z 40
Statystyki odpowiedzi
Hint Odpowiedź % Poprawnych
wynajmować alquilar
100%
parkować aparcar
100%
wyszykować się, przygotować się arreglarse
100%
powiadomić avisar
100%
zjeść coś prostego/łatwego/niewielkiego w domu comer algo sencillo en casa
100%
prowadzić samochód conducir
100%
statek el barco
100%
motorower el ciclomotor
100%
uprawiać sport hacer deporte
100%
robić zakupy hacer la compra
100%
porządkować, sprzątać ordenar
100%
wyjść z psem salir a pasear al perro
100%
oglądać film ver una peli'cula
100%
tani/a baratoA
75%
drogi/a caroA
75%
peron el ande'n
75%
bilet w dwie strony (el billete de) ida y vuelta
75%
bilet w jedną stonę (el billete de) solo ida
75%
ciężarówka el camio'n
75%
rabat, zniżka el descuento
75%
prom el ferri/transbordador
75%
korytarz el pasillo
75%
hulajnoga el patinete
75%
bileter el taquillero
75%
przesiadka el transbordo
75%
stanowisko (autobusowe) la da'rsena
75%
motorówka la lancha
75%
ekran la pantalla
75%
przystanek, stacja la parada
75%
okienko kasowe la taquilla
75%
okienko la ventanilla
75%
tor la vi'a
75%
rolki, łyżwy los patines
75%
wygodny/a co'modoA
50%
zanieczyszczający/a contaminante
50%
ekologiczny/a ecolo'gicoA
50%
gość ElLa invitadoA
50%
niewygodny/a inco'modoA
50%
niebezpieczny/a peligrosoA
50%
bezpieczny/a seguroA
50%
Nie znaleziono quizów pasujących do podanych kryteriów
Rozkład punktacji
Procent ludzi z każdym wynikiem
Percentyl według liczby udzielonych odpowiedzi
Twoja historia wyników
Nie rozwiązałeś tego quizu